01016nam a22003137b 450000100090000000300090000900500170001800700030003500800270003802000150006504000360008008200250011610000510014124500920019225000060028426000120029026400430030230000460034533600270039133700360041833800290045449000260048350000230050958600260053260000660055865000290062465000270065370000220068000522042DO-SdBPM20260123083810.0ta961009s2000 sp || ||spa  a8483106752 aDO-SdBPMbspacBPMSUe rdadrda 4a928bP191s 20002221 aPanero, Juan Luis, d1942-2013. eautor4aut. 10a Sin rumbo cierto :b memorias conversadas con Fernando Valls /c Juan Luis Panero.h  a  a b c  aBarcelona :bTusquets Editores, c2000 a229 páginas : bilustraciones ;c23 cm atextobtxt2rdacontent asin mediación bn2rdamedia  avolumen bnc2rdacarrier0 aTiempo de memoria,v1 aIncluye índice.  aXII Premio Comillas. 17aPanero, Juan Luis, d 1942-2013. v Colecciones de escritos. 7aPoesías española x  7aLiteratura española 1 aValls, Fernando.